| LEADER | 00614pam a22002178a 4500 | ||
|---|---|---|---|
| 001 | 00038745 | ||
| 005 | 20171026081025.0 | ||
| 008 | 170516s ||||||engsd | ||
| 041 | 0 | # | |a eng |
| 082 | 1 | 4 | |a 540 |b B101QU |
| 100 | 1 | # | |a Leon F. Phillips |
| 245 | 1 | 0 | |a Basic quantum chemistry |c Leon F. Phillips |
| 260 | # | # | |a London |
| 300 | # | # | |a 177tr. |
| 653 | # | # | |a chemistry |a Basic |
| 852 | # | # | |b Kho mượn |j KM.0021955 |
| 852 | # | # | |b Kho đọc |j KD.0020907 |
| 852 | # | # | |j KD.0020907 |j KM.0021955 |
| 910 | |d 16/05/2017 | ||
| 980 | # | # | |a Trung tâm Học liệu Lê Vũ Hùng, Trường Đại học Đồng Tháp |